Process systems analysis and control (Record no. 13575)

000 -LEADER
fixed length control field 00578nam a22002051 4500
001 - CONTROL NUMBER
control field 13575
003 - CONTROL NUMBER IDENTIFIER
control field BD-DhUET
008 - FIXED-LENGTH DATA ELEMENTS--GENERAL INFORMATION
fixed length control field 730306s1965 nyua b 000 0 eng
040 ## - CATALOGING SOURCE
Original cataloging agency DLC
Transcribing agency DLC
Modifying agency BD-DhUET
082 ## - DEWEY DECIMAL CLASSIFICATION NUMBER
Classification number 660.284
Item number COU/1965
100 1# - MAIN ENTRY--PERSONAL NAME
Personal name Coughanowr, Donald R.
245 10 - TITLE STATEMENT
Title Process systems analysis and control
250 ## - EDITION STATEMENT
Edition statement 1st ed.
260 ## - PUBLICATION, DISTRIBUTION, ETC. (IMPRINT)
Place of publication, distribution, etc. New York
Name of publisher, distributor, etc. McGraw-Hill
Date of publication, distribution, etc. 1965
300 ## - PHYSICAL DESCRIPTION
Extent xii, 491 p.
Other physical details ill.
Dimensions 21 cm.
490 ## - SERIES STATEMENT
Series statement McGraw-Hill chemical engineering series
650 #0 - SUBJECT ADDED ENTRY--TOPICAL TERM
Topical term or geographic name as entry element Control devices process engineering
700 ## - ADDED ENTRY--PERSONAL NAME
Personal name Koppel, Lowell B.
942 ## - ADDED ENTRY ELEMENTS (KOHA)
Koha item type General Book
Holdings
Sublocation or collection (holding branch) Piece designation (barcode) Koha date last seen Copy number Damaged status Koha normalized classification for sorting Koha full call number Withdrawn status Source of classification or shelving scheme Date acquired Lost status Koha date last borrowed Not for loan Koha item type Shelving location Price effective from Location (home branch) Koha issues (times borrowed)
Central Library, BUET296992015-03-031 660_284000000000000_COU_1965660.284/COU/1965  2015-03-03   General BookCirculation section2015-03-03Central Library, BUET 
Central Library, BUET296892017-05-092 660_284000000000000_COU_1965660.284/COU/1965  2015-03-03 2017-05-09 General BookCirculation section2015-03-03Central Library, BUET1
Central Library, BUET296972015-03-033 660_284000000000000_COU_1965660.284/COU/1965  2015-03-03   General BookCirculation section2015-03-03Central Library, BUET 
Central Library, BUET296922015-03-034 660_284000000000000_COU_1965660.284/COU/1965  2015-03-03   General BookCirculation section2015-03-03Central Library, BUET 
Central Library, BUET296982015-03-035 660_284000000000000_COU_1965660.284/COU/1965  2015-03-03   General BookCirculation section2015-03-03Central Library, BUET 
Central Library, BUET296902015-03-036 660_284000000000000_COU_1965660.284/COU/1965  2015-03-03   General BookCirculation section2015-03-03Central Library, BUET 
Central Library, BUET296882015-03-037 660_284000000000000_COU_1965660.284/COU/1965  2015-03-03   General BookCataloging to Circulation2015-03-03Central Library, BUET 
Central Library, BUET345192015-03-048 660_284000000000000_COU_1965660.284/COU/1965  2015-03-04   General BookCirculation section2015-03-04Central Library, BUET 
Central Library, BUET296942015-05-119 660_284000000000000_COU_1965660.284/COU/1965  2015-05-11   General BookCirculation section2015-05-11Central Library, BUET 
Central Library, BUET296962015-05-1110 660_284000000000000_COU_1965660.284/COU/1965  2015-05-11   General BookCirculation section2015-05-11Central Library, BUET 
Central Library, BUET296952015-05-1311 660_284000000000000_COU_1965660.284/COU/1965  2015-05-13   General BookCirculation section2015-05-13Central Library, BUET 
Central Library, BUET178692015-05-1412 660_284000000000000_COU_1965660.284/COU/1965  2015-05-14   General BookCirculation section2015-05-14Central Library, BUET 
Central Library, BUET158222015-05-1813 660_284000000000000_COU_1965660.284/COU/1965  2015-05-18   General BookCirculation section2015-05-18Central Library, BUET 
Central Library, BUET297002015-06-2014 660_284000000000000_COU_1965660.284/COU/1965  2015-06-20   General BookReading section2015-06-20Central Library, BUET 
Central Library, BUET297012015-06-2015 660_284000000000000_COU_1965660.284/COU/1965  2015-06-20   General BookReading section2015-06-20Central Library, BUET 
Central Library, BUET167162015-07-1016 660_284000000000000_COU_1965660.284/COU/1965  2015-07-10   General BookCirculation section2015-07-10Central Library, BUET